Bệnh thường gặp ở tôm; phương pháp chẩn đoán và phòng trị

Gorde:
Xehetasun bibliografikoak
Egile nagusia: Trần Thị Minh Tâm
Formatua: Liburua
Hizkuntza:Undetermined
Argitaratua: Hà Nội Nông nghiệp 1999
Gaiak:
Etiketak: Etiketa erantsi
Etiketarik gabe, Izan zaitez lehena erregistro honi etiketa jartzen!
Thư viện lưu trữ: Trung tâm Học liệu Trường Đại học Cần Thơ
LEADER 00638nam a2200193Ia 4500
001 CTU_37339
008 210402s9999 xx 000 0 und d
020 |b 9.500đ 
082 |a 639.543 
082 |b T120 
100 |a Trần Thị Minh Tâm 
245 0 |a Bệnh thường gặp ở tôm; phương pháp chẩn đoán và phòng trị 
245 0 |c Trần Thị Minh Tâm, Đái Duy Ban 
260 |a Hà Nội 
260 |b Nông nghiệp 
260 |c 1999 
650 |a fish-culture,shrimps 
904 |i Nguyễn Quang Điền, 000717 
980 |a Trung tâm Học liệu Trường Đại học Cần Thơ